000 00289nam a22001337a 4500
008 170612b xxu||||| |||| 00| 0 eng d
020 _a0819126535
041 _aeng
080 _a32
100 _a19
101 _aSHP
245 _aTHE SCIENCE OF POLITICS
_cCOOGAN,W.H
942 _2udc
_cBK
999 _c16932
_d16932